States With Springfields - Statistics

General Stats
  • This quiz has been taken 47 times
  • The average score is 26 of 32
Answers on the Map
Answers color-coded by a green-red scale on the quiz's map according to % correct below.
 
Answer Stats
States % Correct
Illinois
97%
Missouri
92%
Oregon
87%
Texas
87%
Alabama
85%
Florida
85%
Massachusetts
85%
New York
85%
California
82%
Georgia
82%
Nebraska
82%
Ohio
82%
South Carolina
82%
Arkansas
79%
Colorado
79%
Indiana
79%
New Jersey
79%
Vermont
79%
Kansas
77%
Kentucky
77%
Maine
77%
Michigan
77%
Minnesota
77%
Pennsylvania
77%
Virginia
77%
Wisconsin
77%
Idaho
74%
Louisiana
74%
New Hampshire
74%
South Dakota
74%
Tennessee
74%
West Virginia
64%
No matching quizzes found
Score Distribution
Percent of People with Each Score
Percentile by Number Answered
Your Score History
You have not taken this quiz